Urban transit : (Record no. 1586)

MARC details
000 -LEADER
fixed length control field 01638nac a22002531u 4500
010 ## - LIBRARY OF CONGRESS CONTROL NUMBER
LC control number 2004013844
020 ## - INTERNATIONAL STANDARD BOOK NUMBER
International Standard Book Number 0471632651 (cloth : alk. paper)
082 00 - DEWEY DECIMAL CLASSIFICATION NUMBER
Classification number 388.4068
Item number V986
090 ## - LOCALLY ASSIGNED LC-TYPE CALL NUMBER (OCLC); LOCAL CALL NUMBER (OCLC)
-- 1586
-- 1586
100 ## - MAIN ENTRY--PERSONAL NAME
Personal name Vuchic, Vukan R.
245 10 - TITLE STATEMENT
Title Urban transit :
Remainder of title operations, planning and economics /
Statement of responsibility, etc Vukan R. Vuchic.
260 ## - PUBLICATION, DISTRIBUTION, ETC. (IMPRINT)
Place of publication, distribution, etc Hoboken, N.J. :
Name of publisher, distributor, etc J. Wiley & Sons,
Date of publication, distribution, etc c2005.
300 ## - PHYSICAL DESCRIPTION
Extent xvi, 644 p. :
Other physical details ill. ;
Dimensions 24 cm.
504 ## - BIBLIOGRAPHY, ETC. NOTE
Bibliography, etc Includes bibliographical references and index.
505 0# - FORMATTED CONTENTS NOTE
Formatted contents note Transit operations and service scheduling -- Capacity, speed, accelerated, and special operations -- Modeling and optimization in transit systems analysis -- Transit lines and networks -- Planning of rail transit station locations -- Transit agency operations, economics, and marketing -- Transit fares -- Financing of transit -- Transit ownership, regulation, and organization -- Transit systems planning -- Analysis, evaluation, and selection of transit modes -- Planning and selection of medium and high performance transit modes.
650 #0 - SUBJECT ADDED ENTRY--TOPICAL TERM
Topical term or geographic name as entry element Urban transportation.
650 #0 - SUBJECT ADDED ENTRY--TOPICAL TERM
Topical term or geographic name as entry element Local transit.
650 #0 - SUBJECT ADDED ENTRY--TOPICAL TERM
Topical term or geographic name as entry element Transportation
General subdivision Planning.
856 41 - ELECTRONIC LOCATION AND ACCESS
Materials specified Table of contents only
Uniform Resource Identifier <a href="http://www.loc.gov/catdir/toc/ecip0418/2004013844.html">http://www.loc.gov/catdir/toc/ecip0418/2004013844.html</a>
856 41 - ELECTRONIC LOCATION AND ACCESS
Materials specified Contributor biographical information
Uniform Resource Identifier <a href="http://www.loc.gov/catdir/enhancements/fy0616/2004013844-b.html">http://www.loc.gov/catdir/enhancements/fy0616/2004013844-b.html</a>
856 41 - ELECTRONIC LOCATION AND ACCESS
Materials specified Publisher description
Uniform Resource Identifier <a href="http://www.loc.gov/catdir/enhancements/fy0616/2004013844-d.html">http://www.loc.gov/catdir/enhancements/fy0616/2004013844-d.html</a>
942 ## - ADDED ENTRY ELEMENTS (KOHA)
Item type Book - Borrowing
Call number prefix 388.4068V986
Holdings
Withdrawn status Item status Source of classification or shelving scheme Damaged status Not for loan Vendor Home library Current library Shelving location Date acquired Source of acquisition Cost, normal purchase price Total Checkouts Full call number Barcode Date last seen Date last borrowed Cost, replacement price Koha item type
    Dewey Decimal Classification       Central Library Central Library First floor 06/11/2007   720.00 1 388.4068 VUC 000002763 15/07/2025 22/10/2018 900.00 Book - Borrowing